ESSENTIALS OF HUMAN EMBRYOLOGY (Record no. 216089)

MARC details
000 -LEADER
fixed length control field 00365nam a2200145Ia 4500
008 - FIXED-LENGTH DATA ELEMENTS--GENERAL INFORMATION
fixed length control field 230704s9999 xx 000 0 und d
020 ## - INTERNATIONAL STANDARD BOOK NUMBER
International Standard Book Number 9788186793831
100 ## - MAIN ENTRY--PERSONAL NAME
Personal name DATTA, ASIM KUMAR
245 #0 - TITLE STATEMENT
Title ESSENTIALS OF HUMAN EMBRYOLOGY
250 ## - EDITION STATEMENT
Edition statement 6TH
260 ## - PUBLICATION, DISTRIBUTION, ETC.
Name of publisher, distributor, etc. CURRENT BOOKS INTERNATIONAL, KOKATA
Date of publication, distribution, etc. 2013
300 ## - PHYSICAL DESCRIPTION
Extent 306
650 ## - SUBJECT ADDED ENTRY--TOPICAL TERM
Topical term or geographic name entry element Embryology
942 ## - ADDED ENTRY ELEMENTS (KOHA)
Koha item type Book
Holdings
Withdrawn status Lost status Source of classification or shelving scheme Damaged status Not for loan Home library Current library Shelving location Date acquired Total Checkouts Barcode Date last seen Price effective from Koha item type Public note
    Dewey Decimal Classification     Mewar University Central Library Mewar University Central Library Paramedical 15/05/2023   MLT2081 13/07/2023 13/07/2023 Book  
    Dewey Decimal Classification     Mewar University Central Library Mewar University Central Library Paramedical 15/05/2023   MLT2082 13/07/2023 13/07/2023 Book Paramedical R-6 S-5
    Dewey Decimal Classification     Mewar University Central Library Mewar University Central Library Paramedical 15/05/2023   MLT2083 13/07/2023 13/07/2023 Book Paramedical R-6 S-5